[Event "GER-chT U12 Girls"]
[Site "Magdeburg"]
[Date "2023.12.29"]
[Round "5.6"]
[White "Nehrukumar, Rithika"]
[Black "Raetsch, Elina"]
[Result "1-0"]
[WhiteElo "989"]
[BlackElo "869"]
[PlyCount "77"]
[EventDate "2023.12.26"]
[EventType "team-swiss"]
[EventRounds "7"]
[EventCountry "GER"]
[SourceTitle "CB03_2024"]
[SourceDate "2024.01.17"]
[SourceVersion "1"]
[SourceVersionDate "2024.01.17"]
[SourceQuality "1"]
[WhiteTeam "Freiburg Zaehringen"]
[BlackTeam "Oberschoeneweide"]
[WhiteTeamCountry "GER"]
[BlackTeamCountry "GER"]

1. e4 c6 2. d4 d5 3. Nc3 dxe4 4. Nxe4 Bf5 5. Bd3 Nf6 6. Qe2 e6 7. Bg5 Be7 8. Nf3 h6 9. Bxf6 Bxf6 10. Nxf6+ Qxf6 11. 0-0-0 Bg4 12. Be4 Bxf3 13. Bxf3 Qg5+ 14. Kb1 0-0 15. h4 Qa5 16. a3 b5 17. Qe5 Nd7 18. Qd6 Nf6 19. Bxc6 Rfd8 20. Qf4 Rac8 21. Bf3 b4 22. Qd2 Rb8 23. g4 h5 24. g5 Nh7 25. Bxh5 e5 26. g6 Nf6 27. gxf7+ Kh8 28. Bg6 Qb5 29. Qxb4 Qxb4 30. axb4 Rxb4 31. dxe5 Rxd1+ 32. Rxd1 Nh7 33. Bxh7 Rb8 34. e6 Kxh7 35. e7 g6 36. e8Q Rxe8 37. fxe8Q Kh6 38. h5 a5 39. Qxg6# 1-0

[Event "GER-ch U25-C"]
[Site "Willingen"]
[Date "2023.06.03"]
[Round "9"]
[White "Hempel, Christian"]
[Black "Nehrukumar, Rithika"]
[Result "1/2-1/2"]
[WhiteElo "774"]
[BlackElo "990"]
[PlyCount "45"]
[EventDate "2023.05.27"]
[EventType "swiss"]
[EventRounds "9"]
[EventCountry "GER"]
[SourceTitle "CBM 214 Extra"]
[Source "ChessBase"]
[SourceDate "2023.07.31"]
[SourceVersion "1"]
[SourceVersionDate "2023.07.31"]
[SourceQuality "1"]

1. d4 d5 2. Bf4 Nc6 3. e3 Nf6 4. c4 Bf5 5. Nc3 e6 6. a3 Bd6 7. Bg5 h6 8. Bxf6 Qxf6 9. Nf3 0-0 10. Bd3 Bxd3 11. Qxd3 Rfe8 12. 0-0 Rad8 13. Rac1 dxc4 14. Qxc4 e5 15. Rfe1 exd4 16. exd4 Re7 17. Rxe7 Nxe7 18. Re1 Re8 19. Qa4 c6 20. Qxa7 Rb8 21. b3 b5 22. Qd7 Bxa3 23. Ra1 1/2-1/2

[Event "GER-ch U25-C"]
[Site "Willingen"]
[Date "2023.05.31"]
[Round "6"]
[White "Blome, Antonia"]
[Black "Nehrukumar, Rithika"]
[Result "1-0"]
[WhiteElo "1099"]
[BlackElo "990"]
[PlyCount "99"]
[EventDate "2023.05.27"]
[EventType "swiss"]
[EventRounds "9"]
[EventCountry "GER"]
[SourceTitle "CBM 214 Extra"]
[Source "ChessBase"]
[SourceDate "2023.07.31"]
[SourceVersion "1"]
[SourceVersionDate "2023.07.31"]
[SourceQuality "1"]

1. e4 e5 2. Nc3 Nc6 3. Bc4 Nf6 4. d3 h6 5. f4 exf4 6. Bxf4 Bc5 7. Nf3 d6 8. h3 0-0 9. Qd2 Be6 10. Nd5 Bxd5 11. Bxd5 Nxd5 12. exd5 Nb4 13. 0-0-0 Nxa2+ 14. Kb1 Nb4 15. d4 Bxd4 16. Qxd4 Na6 17. g4 Re8 18. Rhe1 Qd7 19. Bd2 c5 20. dxc6 bxc6 21. Rxe8+ Rxe8 22. Bc3 f6 23. Qc4+ d5 24. Qxa6 c5 25. Qa5 Rc8 26. Be1 Rc7 27. Bf2 Qd6 28. Rg1 Qc6 29. Bg3 Re7 30. Bf2 Rc7 31. Rd1 Qb6 32. Qxb6 axb6 33. Rxd5 Kf7 34. b4 cxb4 35. Bxb6 Rb7 36. Rb5 Rd7 37. Rxb4 Rd1+ 38. Kb2 Rf1 39. Nd4 Rh1 40. Rb3 Kg6 41. c4 Re1 42. c5 Re8 43. c6 Rc8 44. Bc5 Rc7 45. Rb7 Rc8 46. Bd6 Rd8 47. Nb5 Rc8 48. c7 Kh7 49. Rb8 Rxb8 50. cxb8Q 1-0